| 000 | 00629nam a22001937a 4500 | ||
|---|---|---|---|
| 082 | _aP-859 | ||
| 100 |
_aMalik, Nasir Ud Din _935974 |
||
| 245 | _aRule Curve Optimization of Tarbela Dam for Flood Control and Utilization of Excess Flood Water | ||
| 260 |
_aRisalpur, _bMCE, _c2020. |
||
| 300 |
_a76 pages.; _c30 CM. |
||
| 526 |
_a0 _b0 _c0 _dP_859 |
||
| 650 |
_aWater Resource _bSyn-28 _935975 |
||
| 700 |
_aMohy Ud Din Saad _935977 |
||
| 700 |
_aMuhammad Asad Naseer _935980 |
||
| 700 |
_aMuhammad Ibraheem Khan Yousafzai _935979 |
||
| 700 | _aSupervisor Dr Naeem Shahzad | ||
| 700 |
_aUmair Yasin _935978 |
||
| 942 |
_2ddc _cBK |
||
| 999 |
_c554402 _d554402 |
||